American English file. Multipack 1B

Na minha lista:
Detalhes bibliográficos
Principais autores: Oxenden, Clive (Autor), Latham-Koenig, Christina (Autor), Seligson, Paul (Autor)
Formato: Livro
Idioma:inglês
Publicado em: New York,USA ; Oxford, United Kingdom : Oxford University Press, 2008.
Assuntos:
Tags: Adicionar Tag
Sem tags, seja o primeiro a adicionar uma tag!

MARC

LEADER 00000cam a2200000 a 4500
001 16052655
003 CL-VaPUC
005 20250407202444.0
008 100113s2008 nyua 000 0 eng d
999 |c 447279  |d 447277 
010 |a  2010290189 
020 |a 978-0-19-477425-3 
035 |a (OCoLC)ocn435438992 
040 |a UAB  |c Pontificia Universidad Católica de Valparaíso  |d UAB  |d DLC 
042 |a lccopycat 
050 0 0 |a PE2807  |b .O943 2008 
082 0 4 |a 421.54 OXEb 2008  |2 22 
100 1 |a Oxenden, Clive.  |e author  |9 896688 
245 1 0 |a American English file.  |n Multipack 1B 
260 |a New York,USA ;  |a Oxford, United Kingdom :  |b Oxford University Press,  |c 2008. 
300 |a 79 páginas :  |b ilustraciones   |e + 1 CD. 
500 |a c.1. -c.13. Instituto Arcos 8-1-2025. 
583 |c 20250312  |k GC 
650 0 |a Lengua inglesa  |x Estudio y enseñanza  |z Estados Unidos  |9 896689 
650 0 |a Lengua inglesa   |z Estados Unidos  |v Problemas, ejercicios, etc.  |9 896690 
700 1 |a Latham-Koenig, Christina.  |e author  |9 896691 
700 1 |a Seligson, Paul.  |e author  |9 896692 
942 |2 ddc  |c BK  |n 0 
952 |0 0  |1 0  |2 ddc  |4 0  |6 421_540000000000000_OXEB_2008  |7 0  |8 A  |9 601084  |a BIBINC  |b BIBINC  |d 2025-03-12  |e Instituto Arcos   |i 5665981  |o 421.54 OXEb 2008  |p 5665981  |r 2025-03-12  |t 1  |w 2025-03-12  |y BK  |k IFP 
952 |0 0  |1 0  |2 ddc  |4 0  |6 421_540000000000000_OXEB_2008  |7 0  |8 A  |9 601085  |a BIBINC  |b BIBINC  |d 2025-03-12  |e Instituto Arcos   |i 5665982  |o 421.54 OXEb 2008  |p 5665982  |r 2025-03-12  |t 2  |w 2025-03-12  |y BK  |k IFP 
952 |0 0  |1 0  |2 ddc  |4 0  |6 421_540000000000000_OXEB_2008  |7 0  |8 A  |9 601086  |a BIBINC  |b BIBINC  |d 2025-03-12  |e Instituto Arcos   |i 5665983  |o 421.54 OXEb 2008  |p 5665983  |r 2025-03-12  |t 3  |w 2025-03-12  |y BK  |k IFP 
952 |0 0  |1 0  |2 ddc  |4 0  |6 421_540000000000000_OXEB_2008  |7 0  |8 A  |9 601087  |a BIBINC  |b BIBINC  |d 2025-03-12  |e Instituto Arcos   |i 5665984  |o 421.54 OXEb 2008  |p 5665984  |r 2025-03-12  |t 4  |w 2025-03-12  |y BK  |k IFP 
952 |0 0  |1 0  |2 ddc  |4 0  |6 421_540000000000000_OXEB_2008  |7 0  |8 A  |9 601088  |a BIBINC  |b BIBINC  |d 2025-03-12  |e Instituto Arcos   |i 5665985  |o 421.54 OXEb 2008  |p 5665985  |r 2025-03-12  |t 5  |w 2025-03-12  |y BK  |k IFP 
952 |0 0  |1 0  |2 ddc  |4 0  |6 421_540000000000000_OXEB_2008  |7 0  |8 A  |9 601089  |a BIBINC  |b BIBINC  |d 2025-03-12  |e Instituto Arcos   |i 5665986  |o 421.54 OXEb 2008  |p 5665986  |r 2025-03-12  |t 6  |w 2025-03-12  |y BK  |k IFP 
952 |0 0  |1 0  |2 ddc  |4 0  |6 421_540000000000000_OXEB_2008  |7 0  |8 A  |9 601090  |a BIBINC  |b BIBINC  |d 2025-03-12  |e Instituto Arcos   |i 5665987  |o 421.54 OXEb 2008  |p 5665987  |r 2025-03-12  |t 7  |w 2025-03-12  |y BK  |k IFP 
952 |0 0  |1 0  |2 ddc  |4 0  |6 421_540000000000000_OXEB_2008  |7 0  |8 A  |9 601091  |a BIBINC  |b BIBINC  |d 2025-03-12  |e Instituto Arcos   |i 5665988  |o 421.54 OXEb 2008  |p 5665988  |r 2025-03-12  |t 8  |w 2025-03-12  |y BK  |k IFP 
952 |0 0  |1 0  |2 ddc  |4 0  |6 421_540000000000000_OXEB_2008  |7 0  |8 A  |9 601092  |a BIBINC  |b BIBINC  |d 2025-03-12  |e Instituto Arcos   |i 5665989  |o 421.54 OXEb 2008  |p 5665989  |r 2025-03-12  |t 9  |w 2025-03-12  |y BK  |k IFP 
952 |0 0  |1 0  |2 ddc  |4 0  |6 421_540000000000000_OXEB_2008  |7 0  |8 A  |9 601350  |a BIBINC  |b BIBINC  |d 2025-03-17  |e Instituto Arcos   |i 5666223  |o 421.54 OXEb 2008  |p 5666223  |r 2025-03-17  |t 10  |w 2025-03-12  |y BK  |k IFP 
952 |0 0  |1 0  |2 ddc  |4 0  |6 421_540000000000000_OXEB_2008  |7 0  |8 A  |9 601351  |a BIBINC  |b BIBINC  |d 2025-03-17  |e Instituto Arcos   |i 5666224  |o 421.54 OXEb 2008  |p 5666224  |r 2025-03-17  |t 11  |w 2025-03-12  |y BK  |k IFP 
952 |0 0  |1 0  |2 ddc  |4 0  |6 421_540000000000000_OXEB_2008  |7 0  |8 A  |9 601352  |a BIBINC  |b BIBINC  |d 2025-03-17  |e Instituto Arcos   |i 5666225  |o 421.54 OXEb 2008  |p 5666225  |r 2025-03-17  |t 12  |w 2025-03-12  |y BK  |k IFP 
952 |0 0  |1 0  |2 ddc  |4 0  |6 421_540000000000000_OXEB_2008  |7 0  |8 A  |9 601353  |a BIBINC  |b BIBINC  |d 2025-03-17  |e Instituto Arcos   |i 5666226  |o 421.54 OXEb 2008  |p 5666226  |r 2025-03-17  |t 13  |w 2025-03-12  |y BK  |k IFP